00578nam a2200181 a 450000100100000000500170001000800410002702000150006804000250008308200180010810000270012624500610015326000360021430000280025050000640027865000240034265000300036600001398220200929163427.0091202s19uu dr a r 001 0 spa d a9993458368 aDO-SdBNPbspacBNPHU a006.78bH565d1 aHerrera, Lenin,d1972-10aDesarrollo de aplicaciones web con PHP /cLenin Herrera. aSanto Domingo :b[s.n.,cs.a.]. a182 p. :bil. ;c22 cm. aIncluye datos biográficos del autor en la contracubierta. 4aSistemas multimedia 4aMultimedia por computador